Statistics for 1890年代に消滅した郡

Click here to take the quiz!

General Stats

  • This quiz has been taken 4 times
  • The average score is 116 of 259

Answer Stats

Answer% Correct
1899/03/16那珂郡仲多度郡
100%
1896/04/01能勢郡 豊能郡
100%
1896/04/01島根郡八束郡
100%
1899/03/16阿野郡綾歌郡
100%
1899/03/16鵜足郡綾歌郡
100%
1899/03/16多度郡仲多度郡
100%
1896/02/26那珂郡筑紫郡
100%
1896/03/29那珂郡児玉郡
100%
1896/03/29式上郡磯城郡
75%
1896/04/01飾東郡飾磨郡
75%
1896/04/01飾西郡飾磨郡
75%
1896/03/29添下郡生駒郡
75%
1896/02/26穂波郡嘉穂郡
75%
1896/02/26嘉麻郡嘉穂郡
75%
1896/03/29平群郡 生駒郡
75%
1896/02/26築城郡築上郡
75%
1896/02/26志摩郡糸島郡
75%
1896/02/26怡土郡糸島郡
75%
1896/02/26上毛郡築上郡
75%
1896/04/01揖西郡揖保郡
75%
1896/03/29式下郡磯城郡
75%
1899/03/16豊田郡三豊郡
75%
1896/04/01茨田郡北河内郡
75%
1898/10/01品治郡 芦品郡
75%
1896/04/01意宇郡 八束郡
75%
1896/04/01出雲郡簸川郡
75%
1896/04/18羽栗郡 羽島郡
75%
1896/04/01豊田郡 磐田郡・浜名郡
75%
1896/04/01揖東郡揖保郡
75%
1896/04/01大鳥郡泉北郡
75%
1896/04/01豊島郡豊能郡
75%
1896/03/29甑島郡薩摩郡
75%
1896/03/29伊賀郡 名賀郡
75%
1896/03/29名張郡名賀郡
75%
1896/03/29菱刈郡伊佐郡
75%
1896/02/26山本郡三井郡
75%
1896/04/01安宿部郡南河内郡
75%
1896/04/01標葉郡双葉郡
75%
1896/03/29東囎唹郡 囎唹郡
75%
1896/03/29南諸県郡囎唹郡
75%
1896/03/29西囎唹郡 姶良郡
75%
1896/04/01山本郡 鹿本郡
75%
1896/03/26基肄郡 三養基郡
75%
1896/04/01山鹿郡鹿本郡
75%
1896/04/01日根郡 泉南郡
75%
1896/04/18中島郡羽島郡
75%
1896/04/01飽田郡飽託郡
75%
1896/03/29豊田郡結城郡
75%
1896/04/01託麻郡 飽託郡
75%
1896/04/01和泉郡 泉北郡
50%
1896/04/01志紀郡 中河内郡・南河内郡
50%
1900/04/01勝北郡勝田郡
50%
1900/04/01東南条郡苫田郡
50%
1900/04/01西北条郡苫田郡
50%
1900/04/01東北条郡 苫田郡
50%
1896/03/29南九戸郡 九戸郡
50%
1896/04/01河内郡中河内郡
50%
1896/04/01渋川郡中河内郡
50%
1896/04/01錦部郡南河内郡
50%
1896/03/29八東郡八頭郡
50%
1896/04/01名草郡海草郡
50%
1896/04/01菟原郡武庫郡
50%
1896/04/01海部郡海草郡
50%
1896/04/01神西郡神崎郡
50%
1896/03/29北九戸郡九戸郡
50%
1900/04/01勝南郡 勝田郡
50%
1896/03/29南大隅郡 肝属郡
50%
1896/02/26御原郡三井郡
50%
1896/03/26三根郡三養基郡
50%
1896/03/26養父郡三養基郡
50%
1896/04/01石田郡 壱岐郡
50%
1896/04/01北那珂郡宮崎郡
50%
1896/03/29桑原郡姶良郡
50%
1896/03/29北伊佐郡 伊佐郡
50%
1896/02/26生葉郡浮羽郡・八女郡
50%
1896/03/29南伊佐郡薩摩郡
50%
1896/03/29高城郡 薩摩郡
50%
1896/03/29阿多郡 日置郡
50%
1896/03/29給黎郡 川辺郡・揖宿郡
50%
1896/03/29頴娃郡 揖宿郡
50%
1896/03/29谿山郡鹿児島郡
50%
1896/02/26御井郡三井郡
50%
1896/02/26竹野郡浮羽郡
50%
1900/04/01久米北条郡久米郡
50%
1899/03/16三木郡木田郡
50%
1900/04/01久米南条郡 久米郡
50%
1900/04/01磐梨郡 赤磐郡
50%
1900/04/01下道郡 吉備郡
50%
1900/04/01哲多郡 阿哲郡
50%
1898/10/01深津郡深安郡
50%
1898/10/01芦田郡芦品郡
50%
1899/03/16山田郡木田郡
50%
1896/02/26下妻郡八女郡
50%
1899/03/16三野郡三豊郡
50%
1896/04/18下浮穴郡 温泉郡・伊予郡
50%
1896/02/26御笠郡筑紫郡
50%
1896/02/26席田郡筑紫郡
50%
1896/02/26上座郡朝倉郡
50%
1896/02/26下座郡朝倉郡
50%
1896/02/26上妻郡八女郡
50%
1896/04/01讃良郡 北河内郡
50%
1896/04/01神東郡神崎郡
50%
1896/04/01住吉郡 東成郡
50%
1897/04/01天羽郡 君津郡
50%
1896/03/29高麗郡入間郡
50%
1896/03/29新座郡北足立郡
50%
1896/03/29横見郡比企郡
50%
1896/03/29中葛飾郡北葛飾郡
50%
1897/04/01南相馬郡 東葛飾郡
50%
1897/04/01下埴生郡 印旛郡
50%
1897/04/01長柄郡長生郡
50%
1896/04/01西群馬郡 群馬郡・吾妻郡
50%
1896/04/01南豊島郡豊多摩郡
50%
1896/04/01東多摩郡 豊多摩郡
50%
1896/04/01礪波郡東礪波郡・西礪波郡
50%
1896/04/18上石津郡 養老郡
50%
1896/04/18海西郡海津郡
50%
1896/04/18下石津郡 海津郡
50%
1896/04/18各務郡稲葉郡
50%
1896/04/01緑野郡多野郡
50%
1896/04/01東群馬郡 勢多郡
50%
1896/04/01君沢郡 田方郡
50%
1896/03/29北閉伊郡下閉伊郡
50%
1896/03/29北岩手郡岩手郡
50%
1896/03/29南岩手郡 岩手郡
50%
1896/03/29西和賀郡 和賀郡
50%
1896/03/29東和賀郡 和賀郡・胆沢郡
50%
1896/03/29西閉伊郡上閉伊郡
50%
1896/03/29南閉伊郡 上閉伊郡
50%
1896/03/29中閉伊郡下閉伊郡
50%
1896/03/29岡田郡 結城郡
50%
1896/03/29東閉伊郡 下閉伊郡
50%
1896/04/01宇多郡相馬郡
50%
1896/04/01楢葉郡双葉郡・石城郡
50%
1896/04/01磐城郡石城郡
50%
1896/04/01磐前郡石城郡
50%
1896/03/29西葛飾郡猿島郡
50%
1896/03/29河内郡稲敷郡・筑波郡
50%
1896/04/18席田郡 本巣郡
50%
1896/03/29北大隅郡 鹿児島郡
50%
1896/04/01那賀郡 賀茂郡
50%
1896/03/29答志郡志摩郡
50%
1896/03/29阿拝郡阿山郡
50%
1896/03/29山田郡 阿山郡
50%
1896/03/29奄芸郡 河芸郡
50%
1897/04/01西浅井郡 伊香郡
50%
1896/04/01島上郡三島郡
50%
1896/04/01島下郡 三島郡
50%
1896/04/01有渡郡 安倍郡
50%
1897/04/01平郡安房郡
25%
1896/03/29河曲郡河芸郡
25%
1896/04/01八部郡武庫郡
25%
1896/03/29幡羅郡大里郡
25%
1896/03/29榛沢郡大里郡
25%
1896/03/29男衾郡大里郡
25%
1896/03/29賀美郡児玉郡
25%
1896/04/01二方郡美方郡
25%
1896/04/01七美郡美方郡
25%
1896/03/29朝明郡 三重郡
25%
1896/04/01麁玉郡 引佐郡
25%
1897/04/01朝夷郡安房郡
25%
1896/02/26仲津郡 京都郡
25%
1896/04/01南甘楽郡 多野郡
25%
1896/04/18久米郡 温泉郡
25%
1896/04/18和気郡温泉郡
25%
1896/04/18風早郡温泉郡
25%
1896/04/18野間郡 越智郡
25%
1896/04/18桑村郡 周桑郡
25%
1896/04/18周布郡周桑郡
25%
1897/04/01長狭郡 安房郡
25%
1897/04/01望陀郡君津郡
25%
1897/04/01周淮郡君津郡
25%
1896/02/26夜須郡朝倉郡
25%
1896/04/01多胡郡多野郡
25%
1896/04/01美含郡城崎郡
25%
1896/03/29飯高郡 飯南郡
25%
1896/04/01高安郡中河内郡
25%
1896/03/29英虞郡 志摩郡
25%
1896/04/01大県郡中河内郡
25%
1896/04/01石川郡南河内郡
25%
1896/03/29馭謨郡 熊毛郡
25%
1896/04/01古市郡南河内郡
25%
1896/04/01行方郡相馬郡
25%
1896/04/01八上郡南河内郡
25%
1896/04/01菊多郡石城郡
25%
1896/04/01合志郡菊池郡
25%
1896/03/29飯野郡飯南郡
25%
1896/04/01若江郡中河内郡
25%
1896/03/29信太郡稲敷郡・新治郡
25%
1896/04/01南郡泉南郡
25%
1896/04/01梁田郡 足利郡
25%
1896/04/01佐位郡佐波郡
25%
1896/04/01那波郡佐波郡
25%
1896/04/01北勢多郡 利根郡
25%
1896/04/01南勢多郡勢多郡
25%
1897/04/01山辺郡山武郡
25%
1896/04/01片岡郡 群馬郡
25%
1896/04/01気多郡城崎郡
25%
1896/04/01長上郡 浜名郡・磐田郡
25%
1896/04/01敷知郡 浜名郡・引佐郡
25%
1897/04/01武射郡 山武郡
25%
1896/03/29会見郡 西伯郡
25%
1896/03/29広瀬郡北葛城郡
25%
1896/03/29葛下郡 北葛城郡
25%
1896/03/29葛上郡南葛城郡
25%
1900/04/01西西条郡苫田郡
25%
1900/04/01大庭郡 真庭郡
25%
1900/04/01真島郡真庭郡
25%
1896/04/01神門郡 簸川郡
25%
1896/04/01楯縫郡簸川郡
25%
1896/04/18厚見郡 稲葉郡
25%
1896/04/18方県郡稲葉郡・本巣郡・山県郡
25%
1896/04/01秋鹿郡八束郡
25%
1896/03/29忍海郡 南葛城郡
25%
1896/03/29汗入郡西伯郡
25%
1896/04/18多芸郡 養老郡・安八郡
25%
1896/03/29八橋郡 東伯郡
25%
1896/03/29久米郡東伯郡
25%
1896/03/29河村郡東伯郡
25%
1896/03/29気多郡 気高郡
25%
1896/03/29高草郡気高郡
25%
1896/03/29智頭郡 八頭郡
25%
1896/04/18大野郡 本巣郡・揖斐郡
25%
1896/03/29八上郡八頭郡
25%
1896/03/29岩井郡 岩美郡
25%
1896/03/29法美郡岩美郡
25%
1896/03/29邑美郡岩美郡
25%
1896/04/18池田郡 揖斐郡
25%
1896/04/01益津郡 志太郡
25%
1900/04/01吉野郡 英田郡
25%
1896/03/29十市郡 磯城郡
25%
1896/04/01城東郡 小笠郡
25%
1897/04/01上埴生郡 長生郡
25%
1899/03/16寒川郡大川郡
25%
1899/03/16大内郡大川郡
25%
1896/04/01見島郡 阿武郡
25%
1898/10/01高宮郡 安佐郡
25%
1898/10/01沼田郡安佐郡
25%
1898/10/01恵蘇郡 比婆郡
25%
1898/10/01三上郡比婆郡
25%
1898/10/01奴可郡比婆郡
25%
1898/10/01三谿郡 双三郡
25%
1898/10/01三次郡双三郡
25%
1896/04/01山名郡 磐田郡
25%
1898/10/01安那郡 深安郡
25%
1896/04/01佐野郡小笠郡
25%
1896/03/26大住郡中郡
25%
1900/04/01阿賀郡 阿哲郡・上房郡
25%
1896/03/26淘綾郡 中郡
25%
1896/04/01雑太郡佐渡郡
25%
1896/04/01交野郡北河内郡
25%
1900/04/01窪屋郡 都窪郡
25%
1900/04/01都宇郡都窪郡
25%
1896/04/01加茂郡佐渡郡
25%
1900/04/01赤坂郡赤磐郡
25%
1900/04/01津高郡 御津郡
25%
1900/04/01御野郡御津郡
25%
1896/04/01羽茂郡 佐渡郡
25%
1900/04/01賀陽郡吉備郡
25%

Score Distribution

Percentile by Number Answered

Percent of People with Each Score

Your Score History

You have not taken this quiz